Get the Picture: Comedy or Tragedy (Shakespeare) Quiz Stats

 Plays Quiz Updated Apr 17, 2019

Score 0/16 Timer 02:30
2 Plays Today
Question Answer Wrong Answers
Macbeth Tragedy
95.7%
Comedy
2.1%
Hamlet Tragedy
95.4%
Comedy
2.5%
As You Like It Comedy
94.9%
Tragedy
2.8%
Romeo and Juliet Tragedy
94.7%
Comedy
3.2%
Othello Tragedy
93.6%
Comedy
4%
The Merry Wives of Windsor Comedy
92.9%
Tragedy
5%
King Lear Tragedy
92.1%
Comedy
5.8%
Antony and Cleopatra Tragedy
92%
Comedy
5.6%
A Midsummer Night's Dream Comedy
91.7%
Tragedy
6.3%
Two Gentlemen of Verona Comedy
87.3%
Tragedy
10.7%
The Taming of the Shrew Comedy
83.4%
Tragedy
14.6%
Twelfth Night Comedy
82.6%
Tragedy
15.4%
Coriolanus Tragedy
81.8%
Comedy
16.2%
Love's Labour’s Lost Comedy
77.2%
Tragedy
20.4%
Timon of Athens Tragedy
72.6%
Comedy
25%
The Merchant of Venice Comedy
62.3%
Tragedy
35.7%

Today's Daily Dose

Missing Word
Sherlocks

Word Ladder
King of the Hill

Quick Pick
Songs in Pink

Get the Picture
NBA Teammates

You're not logged in!

Compare scores with friends on all Sporcle quizzes.
OR
Log In

Sporcle TV

Today on Sporcle TV


Watch our educational content, quiz creation guides, and fun videos on Sporcle TV.

Show Comments

Extras

Top Quizzes Today


Score Distribution

Your Account Isn't Verified!

In order to create a playlist on Sporcle, you need to verify the email address you used during registration. Go to your Sporcle Settings to finish the process.

Report this User

Report this user for behavior that violates our Community Guidelines.

Details: